Общее и особенное в развитии социального планирования на селе (Запись № 5120592)

Подробности
000 -МАРКЕР
контрольное поле 01911nam0a22002651 4500
001 - ИДЕНТИФИКАТОР ЗАПИСИ
контрольное поле rc\910718
005 - ИДЕНТИФИКАТОР ВЕРСИИ
контрольное поле 20041129094731.1
035 ## - ДРУГИЕ СИСТЕМНЫЕ НОМЕРА
Идентификатор записи (NLR Aleph) 006085482
100 ## - ДАННЫЕ ОБЩЕЙ ОБРАБОТКИ
Данные общей обработки 20041129d1983 u |0rusy50 ca
101 0# - ЯЗЫК РЕСУРСА
Язык текста, звукозаписи и т.д. русский
102 ## - СТРАНА ПУБЛИКАЦИИ ИЛИ ПРОИЗВОДСТВА
Страна публикации Российская Федерация
105 ## - ПОЛЕ КОДИРОВАННЫХ ДАННЫХ: ТЕКСТОВЫЕ МАТЕРИАЛЫ, МОНОГРАФИЧЕСКИЕ
Кодированные данные о монографическом текстовом документе y |||||||||
200 1# - ЗАГЛАВИЕ И СВЕДЕНИЯ ОБ ОТВЕТСТВЕННОСТИ
Основное заглавие Общее и особенное в развитии социального планирования на селе
Сведения, относящиеся к заглавию Тез. докл.
-- Всесоюз. науч.-практ. конф. "Пути дальнейшего развития и повышения эффективности социал. планирования в трудовых коллективах, отраслях и регионах" (Москва, нояб. 1983 г.)
Первые сведения об ответственности [Сост. Прохоров А.С., Нуркану Н.В.
Последующие сведения об ответственности Редкол.: Староверов В.И., отв. ред. и др.]
210 ## - ПУБЛИКАЦИЯ, РАСПРОСТРАНЕНИЕ И ДР.
Место издания, распространения и т.д. М.
Имя издателя, распространителя и т. д. Б. и.
Дата издания, распространения и т.д. 1983
215 ## - ФИЗИЧЕСКАЯ ХАРАКТЕРИСТИКА
Специфическое обозначение материала и объем 60 с.
Размеры 20
300 ## - ОБЩИЕ ПРИМЕЧАНИЯ
Текст примечания В надзаг.: АН СССР, Госплан СССР, Госкомтруд СССР, ВЦСПС, ВСНТО, Ин-т социол. исслед. АН СССР, Акад. обществ. наук при ЦК КПСС, Акад. нар. хоз-ва при Совете Министров СССР, Высш. школа при ЦК ВЛКСМ, Сов. социол. ассоциация
702 #1 - ИМЯ ЛИЦА - ВТОРИЧНАЯ ОТВЕТСТВЕННОСТЬ
Начальный элемент ввода Прохоров
Часть имени, кроме начального элемента ввода А. С.
Код отношения Составитель
702 #1 - ИМЯ ЛИЦА - ВТОРИЧНАЯ ОТВЕТСТВЕННОСТЬ
Начальный элемент ввода Староверов
Часть имени, кроме начального элемента ввода В. И.
Расширение инициалов личного имени Владимир Иванович
Код отношения Редактор
712 12 - НАИМЕНОВАНИЕ ОРГАНИЗАЦИИ - ВТОРИЧНАЯ ОТВЕТСТВЕННОСТЬ
Начальный элемент ввода "Пути дальнейшего развития и повышения эффективности социального планирования в трудовых коллективах, отраслях и регионах", всесоюзная науч.-практ. конф.
Дата проведения временной организации 1983
Место проведения временной организации Москва
801 #0 - ИСТОЧНИК ЗАПИСИ
Страна Российская Федерация
Организация NLR
Правила каталогизации psbo
801 #1 - ИСТОЧНИК ЗАПИСИ
Страна Российская Федерация
Организация ELAR
Источник данных rusmarc
852 ## - МЕСТОНАХОЖДЕНИЕ И ШИФР ХРАНЕНИЯ
Идентификатор организации NLR
Шифр хранения (Call Number) 84-4/17541
942 ## - ДОПОЛНИТЕЛЬНЫЕ ЭЛЕМЕНТЫ ЗАПИСИ (АБИС)
Тип экземпляра АБИС Книга
980 ## - КОЛЛЕКЦИЯ
Название коллекции Национальная библиография
Экземпляры
Тип экземпляра Дата поступления Библиотека постоянного хранения Библиотека текущего хранения Место хранения Шифр хранения Штрих-код Статус экземпляра
Книга 26.10.2013 РНБ (Московский) РНБ (Московский) Русский книжный фонд: издания с 1957 года 84-4/17541 6085482-10